U.S. States by State Flowers - Statistics

General Stats
  • This quiz has been taken 703 times
  • The average score is 17 of 50
Answer Stats
Flower State % Correct
Oregon Grape Oregon
76%
Sunflower Kansas
70%
Rocky Mountain Columbine Colorado
63%
Hibiscus Hawaii
60%
Orange Blossom Florida
53%
Saguaro Cactus Blossom Arizona
51%
Yucca New Mexico
47%
Bluebonnet Texas
47%
Mayflower Massachusetts
46%
Carolina Yellow Jessamine South Carolina
46%
Golden Poppy California
41%
Rose New York
41%
Forget Me Not Alaska
40%
Black-Eyed Susan Maryland
40%
Magnolia Louisiana
39%
Cherokee Rose Georgia
37%
Coast Rhododendron Washington
37%
Camellia Alabama
35%
Bloom of the Magnolia; Evergreen Magnolia Mississippi
35%
Red Clover Vermont
35%
Mistletoe Oklahoma
33%
Indian Paintbrush Wyoming
33%
Hawthorn Missouri
32%
Peony Indiana
31%
Bitterroot Montana
30%
Sagebrush Nevada
30%
Sego Lily Utah
30%
Peach Blossom Delaware
28%
Syringa Idaho
28%
Dogwood North Carolina
28%
Iris Tennessee
28%
Goldenrod Kentucky
26%
Mountain Laurel Pennsylvania
26%
White Pine Cone and Tassel Maine
25%
Lady Slipper Minnesota
24%
Scarlet Carnation Ohio
24%
Apple Blossom Arkansas
23%
American Dogwood Virginia
23%
Violet Illinois
22%
Apple Blossom Michigan
21%
Rhododendron West Virginia
20%
Purple Lilac New Hampshire
19%
American Pasqueflower South Dakota
19%
Mountain Laurel Connecticut
18%
Wild Prairie Rose North Dakota
17%
Goldenrod Nebraska
16%
Violet Rhode Island
15%
Wood Violet Wisconsin
15%
Wild Rose Iowa
14%
Purple Violet New Jersey
12%
No matching quizzes found
Score Distribution
Percent of People with Each Score
Percentile by Number Answered
Your Score History
You have not taken this quiz